| 000 | 02770nam a2200361 i 4500 | ||
|---|---|---|---|
| 001 | 768714001 | ||
| 003 | CO-MdFUSB | ||
| 005 | 20240822083936.0 | ||
| 008 | 240605t1989 enk |||| |||| 001 0deng d | ||
| 020 | _a0340488115 | ||
| 040 |
_aCO-MdFUSB _beng _cCO-MdFUSB _dCO-MdFUSB _erda |
||
| 041 | 0 | _aeng | |
| 082 | 0 | 4 |
_a226.8 _223 _bW474 |
| 100 | 1 |
_aWenham, David _eautor |
|
| 245 | 0 | 4 |
_aThe parables of jesus _c/ David Wenham ; editado por Michael Green |
| 264 | 1 |
_aLondres, Inglaterra : _b Hodder and Stoughton, _c[1995] |
|
| 264 | 4 | _c©1995 | |
| 300 |
_a272 páginas _c; 22 cm |
||
| 336 |
_2rdaconten _atexto _btxt |
||
| 337 |
_2rdamedia _asin mediación _bn |
||
| 338 |
_2rdacarrier _avolumen _bnc |
||
| 490 | _aThe Jesús Library, | ||
| 505 |
_tPuesta en escena: Las parábolas de Jesús. _tPreparando el escenario: La revolución de Jesús. _tLa revolución está aquí. _aLos invitados del mundo, los niños jugando, el paño sin encoger, el vino nuevo y el escriba cristiano. -- El reino y la casa divididos,el hombre fuerte atado y el regreso de Espíritu maligno. _tEl camino al nuevo mundo. _aEl sembrador. -- La lampara y la medida. -- La semilla que crece en secreto. -- La semilla de mostaza. -- La levadura. -- El trigo y la mala hierba. -- La red. _tEl gran día de la venida del señor. _aLa higuera en ciernes. -- El vigilante. -- El ladrón. --El mayordomo. -- Las chicas sabias y tontas. -- Los talentos y las libras. -- La ovejas y las cabras. _tBuenas noticias para los necesitados _aMédicos a los enfermos. -- Los dos deudores. -- La oveja perdida y el buen pastor. -- La moneda perdida. -- El hijo prodigo. -- Los trabajadores de la viña. -- El fariseo y el publicano. _tMalas noticias para el establecimiento. _aLos dos hijos. -- Los malvados inquilino. -- La gran fiesta y el vestido de bodas. -- El tonto rico. -- El hombre rico y Lázaro. _tRelaciones revolucionarias de vecindad. _aEl sirviente despiadado. -- El buen samaritano. -- El mayordomo injusto; también acumulando tesoros en cielo lugares en la mesa. -- Otros dichos del sermón de la montaña. _tViviendo con el Dios de la revolución. _aEl amigo a medianoche; también el padre y su petición de los niños. -- El Juez injusto. -- El humilde servidor. _tLlamado a la decisión. _aCaminos y puertas. -- Arboles fructíferos e infructuoso; la higuera. -- La verdadera vid. -- Las dos cosas. -- El constructor de la torre y la red van a la guerra. -- El tesoro y la perla. |
||
| 563 | _aRústica | ||
| 630 | 0 | 7 |
_aBiblia. _pNuevo Testamento |
| 650 | 7 |
_aHermenéutica bíblica _2embne _97333 |
|
| 650 | 7 |
_aCristología _9239 |
|
| 653 | _aParábolas | ||
| 700 |
_aGreen, Michael _9821 _eeditor |
||
| 942 | _cBK | ||
| 945 | _aLuz Peña | ||
| 999 |
_c44039 _d44039 |
||